[Event "Portugal ch 2009"]
[Site "Amadora POR"]
[Date "2009.09.12"]
[Round "8.3"]
[White "Diogo, Vasco Andre Marcalo"]
[Black "Carneiro, Carlos Alberto C Pi"]
[Result "1-0"]
[WhiteElo "2308"]
[BlackElo "2269"]
[PlyCount "85"]
[EventDate "2009.09.05"]
[EventRounds "9"]
[EventCountry "POR"]
[EventCategory "3"]
[Source "lmi"]
[SourceDate "2009.09.05"]

1. e4 g6 2. d4 Bg7 3. Nf3 d6 4. Nc3 c6 5. a4 a5 6. Bc4 e6 7. O-O Nd7 8. Re1 Ne7
9. Bf4 Nb6 10. Bf1 O-O 11. Qd2 d5 12. b3 Re8 13. Rad1 Nd7 14. Bh6 Bh8 15. g4
Nf6 16. Ne5 Nxe4 17. Nxe4 dxe4 18. Rxe4 f6 19. Nf3 Bd7 20. c4 Qb6 21. Qe3 Kf7
22. Re1 Bg7 23. Qf4 Bxh6 24. Ne5+ Kg7 25. Nxd7 Bxf4 26. Nxb6 Ra6 27. c5 Rxb6
28. cxb6 Nd5 29. Bc4 Bd2 30. Rxe6 Rd8 31. R1e2 Bb4 32. Re8 Rd7 33. Bxd5 Rxd5
34. Rb8 Rd7 35. Ree8 Rxd4 36. Rxb7+ Kh6 37. Rf7 Rxg4+ 38. Kf1 Bd6 39. Rxf6 Bxh2
40. f4 Rg1+ 41. Kf2 Rb1 42. b7 Bg1+ 43. Kg2 1-0

[Event "Portugal ch 2009"]
[Site "Amadora POR"]
[Date "2009.09.12"]
[Round "8.4"]
[White "Fernandes, Antonio Manuel De A"]
[Black "Ferreira, Jorge Joao Viterbo"]
[Result "1-0"]
[WhiteElo "2409"]
[BlackElo "2238"]
[PlyCount "115"]
[EventDate "2009.09.05"]
[EventRounds "9"]
[EventCountry "POR"]
[EventCategory "3"]
[Source "lmi"]
[SourceDate "2009.09.05"]

1. d4 d5 2. Bg5 h6 3. Bh4 c6 4. Nd2 Qb6 5. Nb3 Bf5 6. e3 e6 7. Nf3 Nd7 8. a4 a5
9. Be2 Bd6 10. O-O Ngf6 11. c4 dxc4 12. Nbd2 Be7 13. Nxc4 Qd8 14. Qb3 Ra7 15.
Nfe5 O-O 16. Rfd1 Nd5 17. Bxe7 Qxe7 18. Nxd7 Qxd7 19. f3 Bh7 20. e4 Ne7 21. Rd2
Kh8 22. Qa3 Qc7 23. Qc5 Raa8 24. d5 Ng6 25. d6 Qd8 26. g3 f5 27. e5 f4 28. g4
h5 29. gxh5 Qg5+ 30. Kh1 Nh4 31. Rg1 Qxh5 32. Qf2 Nf5 33. Rg4 Ng3+ 34. Kg1 Bf5
35. hxg3 Bxg4 36. fxg4 Qg5 37. Qh2+ Kg8 38. Qh4 Qxh4 39. gxh4 f3 40. Bf1 Rf4
41. Kf2 Rxg4 42. Bh3 Rxh4 43. Bxe6+ Kf8 44. Kxf3 b5 45. Nxa5 Rxa5 46. Kg3 Rh8
47. Rc2 bxa4 48. Rxc6 g5 49. Rc8+ Kg7 50. Rxh8 Kxh8 51. Bc4 Kg7 52. e6 Ra8 53.
e7 Kf6 54. Bb5 Kf7 55. Bc4+ Ke8 56. Bb5+ Kf7 57. Bc6 a3 58. Bxa8 1-0

[Event "Portugal ch 2009"]
[Site "Amadora POR"]
[Date "2009.09.13"]
[Round "9.2"]
[White "Ferreira, Jorge Joao Viterbo"]
[Black "Andrade, Jose Manuel Vieira"]
[Result "1/2-1/2"]
[WhiteElo "2238"]
[BlackElo "2259"]
[PlyCount "37"]
[EventDate "2009.09.05"]
[EventRounds "9"]
[EventCountry "POR"]
[EventCategory "3"]
[Source "lmi"]
[SourceDate "2009.09.05"]

1. e4 e5 2. Nf3 Nc6 3. Bb5 a6 4. Ba4 Nf6 5. O-O Nxe4 6. d4 b5 7. Bb3 d5 8. dxe5
Be6 9. Nbd2 Nc5 10. c3 d4 11. Ng5 dxc3 12. Nxe6 fxe6 13. bxc3 Nxb3 14. axb3 Qd3
15. Nf3 Qxd1 16. Rxd1 Be7 17. Be3 O-O 18. Rd7 Bd8 19. b4 1/2-1/2

[Event "Portugal ch 2009"]
[Site "Amadora POR"]
[Date "2009.09.13"]
[Round "9.3"]
[White "Carneiro, Carlos Alberto C Pi"]
[Black "Fernandes, Antonio Manuel De A"]
[Result "0-1"]
[WhiteElo "2269"]
[BlackElo "2409"]
[PlyCount "64"]
[EventDate "2009.09.05"]
[EventRounds "9"]
[EventCountry "POR"]
[EventCategory "3"]
[Source "lmi"]
[SourceDate "2009.09.05"]

1. d4 c5 2. d5 e5 3. e4 d6 4. Nc3 Ne7 5. f4 exf4 6. Bxf4 Ng6 7. Bg3 Be7 8. Bb5+
Nd7 9. Nf3 O-O 10. a4 Nf6 11. Qd2 Nh5 12. Ne2 Nh4 13. Bxh4 Bxh4+ 14. g3 Be7 15.
Bd3 Nf6 16. c3 Bg4 17. Neg1 Re8 18. Kf2 c4 19. Bc2 Qb6+ 20. Kg2 Bd8 21. Re1 Bh5
22. e5 dxe5 23. Nxe5 Bc7 24. Ngf3 Qc5 25. Qd4 Qxd4 26. cxd4 Ba5 27. d6 Bxe1 28.
Rxe1 Rad8 29. g4 Bxg4 30. Kf2 Bxf3 31. Nxf3 Rxe1 32. Kxe1 Rxd6 0-1

[Event "Portugal ch 2009"]
[Site "Amadora POR"]
[Date "2009.09.13"]
[Round "9.4"]
[White "Damaso, Rui"]
[Black "Diogo, Vasco Andre Marcalo"]
[Result "1/2-1/2"]
[WhiteElo "2404"]
[BlackElo "2308"]
[PlyCount "23"]
[EventDate "2009.09.05"]
[EventRounds "9"]
[EventCountry "POR"]
[EventCategory "3"]
[Source "lmi"]
[SourceDate "2009.09.05"]

1. e4 e5 2. Nf3 Nc6 3. Bc4 Bc5 4. O-O d6 5. c3 Bg4 6. h3 Bxf3 7. Qxf3 Qf6 8.
Qxf6 Nxf6 9. d3 h6 10. Nd2 O-O 11. b4 Bb6 12. a4 1/2-1/2

[Event "Portugal ch 2009"]
[Site "Amadora POR"]
[Date "2009.09.13"]
[Round "9.5"]
[White "Pereira, Ruben Miguel Nunes"]
[Black "Cordovil, Joao Maria Da Camar"]
[Result "1-0"]
[WhiteElo "2447"]
[BlackElo "2214"]
[PlyCount "107"]
[EventDate "2009.09.05"]
[EventRounds "9"]
[EventCountry "POR"]
[EventCategory "3"]
[Source "lmi"]
[SourceDate "2009.09.05"]

1. e4 e5 2. Nf3 Nc6 3. Bb5 a6 4. Ba4 d6 5. c3 Nf6 6. O-O Be7 7. Re1 O-O 8. h3
b5 9. Bb3 Na5 10. Bc2 c5 11. d4 Qc7 12. Nbd2 Bb7 13. d5 Bc8 14. Nf1 Nc4 15. Ng3
Re8 16. Nh2 Rf8 17. Nf3 Re8 18. Nh2 g6 19. Ng4 Nxg4 20. hxg4 Qd8 21. a4 Nb6 22.
axb5 axb5 23. Rxa8 Nxa8 24. Nf1 Bg5 25. Ne3 Nb6 26. g3 Nd7 27. b3 Nf6 28. f3 h5
29. gxh5 Nxh5 30. Kf2 Nxg3 31. Kxg3 Bf4+ 32. Kf2 Qh4+ 33. Ke2 Qh2+ 34. Kd3 c4+
35. bxc4 bxc4+ 36. Nxc4 Ba6 37. Bxf4 exf4 38. Qe2 Qh8 39. Kd2 Rc8 40. Bd3 Qf6
41. Ra1 Bb5 42. Ra5 Rb8 43. Kc2 Qd8 44. Ra1 Bxc4 45. Bxc4 Qb6 46. Kd3 Rc8 47.
Ra2 Qc5 48. Ra4 Kg7 49. Kc2 Rh8 50. Qd2 Rh3 51. Qd4+ Qxd4 52. cxd4 Rxf3 53. e5
dxe5 54. d6 1-0